Top 10 Most Common Lego Brick Colours - Statistics

General Stats
  • This quiz has been taken 259 times
  • The average score is 3 of 10
Answer Stats
Frequency Answer % Correct
11% Black
98%
13% White
93%
5% Bright Red
14%
6% Reddish Brown
12%
3% Bright Blue
11%
4% Bright Yellow
11%
7% Brick Yellow
6%
11% Dark Stone Grey
6%
15% Medium Stone Grey
5%
4% Sand Yellow
5%
No matching quizzes found
Score Distribution
Percent of People with Each Score
Percentile by Number Answered
Your Score History
You have not taken this quiz